LEADER 01265nam a2200277 4500 001 000000351662 003 CaOOAMICUS 005 20220927154647.0 008 220927s2022 it 000 u ita r 020 $a978-88-581-4752-8 040 $aSeMil$bita 100 1 $aFirpo, Massimo,$d<1946- >.$0(OLS)http://semarc/name/719 245 13$aIl Beneficio di Cristo e l'eresia italiana del '500 /$cMassimo Firpo, Guillaume Alonge. 264 1$aRoma ;$aBari :$bGLF editori Laterza,$c2022. 300 $aXXI, 376 p. ;$c21 cm 490 1 $aStoria e societą 650 4$aBenedetto : da Mantova . Beneficio di Cristo.$0(OLS)http://semarc/subject/20261 650 4$aEresie - Italia - Sec. 16.$0(OLS)http://semarc/subject/13614 700 1 $aAlonge, Guillaume.$0(OLS)http://semarc/name/116527 830 0$aStoria e societą.$0(OLS)http://semarc/title/2818 850 $aSeMil 852 $aSeMil$W1$xVenegono$y1$m3A II 422$j234622$B242850$CSeMilBibl$Z2$F242850 $81 996 $6020$a978-88-581-4752-8$9(OLS)http://semarc/number/296761 996 $6245$aIl Beneficio di Cristo e l'eresia italiana del '500$9(OLS)http://semarc/title/441466 996 $6264$aRoma ;$aBari :$bGLF editori Laterza$9(OLS)http://semarc/publisher/37788 LEADER 00749nam a2200181 i 4500 001 000000253227 003 CaOOAMICUS 005 20170307000000.0 008 170307s2012 xx u000 u mul u 013 $a232132 040 $aSeMil$bita 245 10$aKatėrungjillėshi I Dekoruar I Korēės :$b(Kodiku i Korēės nr. 93) 300 $a223 p. 500 $aTraduzione in albanese e greco del ms. 93. 773 0 $tKatėrungjillėshi I Dekoruar I Korēės.$bBotim facsimile.$dAthinė : Militos, 2012.$z9789604643530$w()24040 850 $aSeMil 852 $aSeMil$W1$xVenegono$y1$m5K XVIII 8/1$j203573$B203573$CSeMilBibl$Z2$F216554 $8I 996 $6245$aKatėrungjillėshi I Dekoruar I Korēės :$b(Kodiku i Korēės nr. 93)$9(OLS)http://semarc/title/410432